Statistiques concernant Géographie physique de l’Auvergne-Rhône-Alpes

Cliquez ici pour prendre le quiz!

Statistiques générales

  • Ce quiz a été pris 72 fois
  • Le résultat moyen est 16 sur 20

Statistiques - réponses

QuestionRéponse% Correct
Plus grandes villesLyon
99%
Préfecture du Puy-de-DômeClermont-Ferrand
96%
Rhône
96%
Chaîne de montagnes traversant notamment la France, la Suisse et la SlovénieAlpes
94%
Grenoble
93%
Plus grand pays frontalierItalie
93%
St-Étienne
93%
Seul département dont son numéro est un homonyme de son nomAin
90%
Isère
84%
Plus longs cours d’eau (longueur totale)Loire
84%
Point culminantMont Blanc
84%
Plus grands départementsPuy-de-Dôme
84%
Chaîne de montagnes ayant pour point culminant le Puy de SancyMassif Central
81%
Drôme
73%
Saône
73%
Allier
70%
Villeurbanne
70%
Stade lyonnais qui accueille le matchs du LOUGerland
61%
Plus grande région frontalièreNouvelle-Aquitaine
57%
Dordogne
13%

Distribution des résultats

Percentile par nombre de réponses

% des personnes avec chaque résultat

Votre développement - résultats

Vous n’avez pas pris ce quiz